书目信息 |
| 题名: |
新疆伊犁滑坡易发性定量评价模型及应用
|
|
| 作者: | 弓小平 , 陈川 , 马宏兵 著 | |
| 分册: | ||
| 出版信息: | 北京 地质出版社 2019 |
|
| 页数: | 126页 | |
| 开本: | 26cm | |
| 丛书名: | ||
| 单 册: | ||
| 中图分类: | P642.22 | |
| 科图分类: | ||
| 主题词: | 滑坡地区--Hua Po Di Qu--风险分析 | |
| 电子资源: | ||
| ISBN: | 978-7-116-11364-0 | |
| 000 | 01336cam0 2200313 450 | |
| 001 | 012001003619 | |
| 005 | 20131104174945.0 | |
| 010 | @a978-7-116-11364-0@dCNY40.00 | |
| 099 | @aCAL 012019120384 | |
| 100 | @a20190611d2019 em y0chiy50 ea | |
| 101 | 0 | @achi |
| 102 | @aCN@b110000 | |
| 105 | @aak a 000yy | |
| 106 | @ar | |
| 200 | 1 | @a新疆伊犁滑坡易发性定量评价模型及应用@AXin Jiang Yi Li Hua Po Yi Fa Xing Ding Liang Ping Jia Mo Xing Ji Ying Yong@e基于ArcGIS平台@f弓小平 ... 等著 |
| 210 | @a北京@c地质出版社@d2019 | |
| 215 | @a126页@c图 (部分彩图)@d26cm | |
| 304 | @a题名页责任者还有: 陈川, 马宏兵, 王建设, 何鹏辉等 | |
| 306 | @a新疆大学学术著作出版基金国家自然科学基金项目 (41462004) 资助 | |
| 320 | @a有书目 (第106页) | |
| 330 | @a把滑坡理论与ArcGIS平台有机的结合起来, 基本理论为前提, ArcGIS平台为实践, 从理论和数据上得出伊犁地区滑坡易发区及发生概率, 在定量评价基础上结合专家知识、野外调查结果以及人类活动情况进行修正, 获得定性--定量--定性的最终准确结果, 指导伊犁地区滑坡分布及危险等级的确定。 | |
| 517 | 1 | @a基于ArcGIS平台@AJi Yu Arcgis Ping Tai |
| 606 | 0 | @a滑坡地区@AHua Po Di Qu@x风险分析 |
| 690 | @aP642.22@v5 | |
| 701 | 0 | @a弓小平@AGong Xiao Ping@4著 |
| 701 | 0 | @a陈川@Achen chuan@4著 |
| 701 | 0 | @a马宏兵@Ama hong bing@4著 |
| 801 | 0 | @aCN@b上海新华@c20191020 |
| 905 | @b1206010-3@dP642.22@e128@f4 | |
| 新疆伊犁滑坡易发性定量评价模型及应用:基于ArcGIS平台/弓小平 ... 等著.-北京:地质出版社,2019 |
| 126页:图 (部分彩图);26cm |
| ISBN 978-7-116-11364-0:CNY40.00 |
| 把滑坡理论与ArcGIS平台有机的结合起来, 基本理论为前提, ArcGIS平台为实践, 从理论和数据上得出伊犁地区滑坡易发区及发生概率, 在定量评价基础上结合专家知识、野外调查结果以及人类活动情况进行修正, 获得定性--定量--定性的最终准确结果, 指导伊犁地区滑坡分布及危险等级的确定。 |
| ● |
| 相关链接 |
|
|
|
|
正题名:新疆伊犁滑坡易发性定量评价模型及应用
索取号:P642.22/128
 
预约/预借
| 序号 | 登录号 | 条形码 | 馆藏地/架位号 | 状态 | 备注 |
| 1 | 1206010 | 212060106 | 第二样本阅览室/ [索取号:P642.22/128] | 在馆 | |
| 2 | 1206011 | 212060115 | 第三借阅区/ [索取号:P642.22/128] | 在馆 | |
| 3 | 1206012 | 212060124 | 第三借阅区/ [索取号:P642.22/128] | 在馆 | |
| 4 | 1206013 | 212060133 | 第三借阅区/ [索取号:P642.22/128] | 在馆 |